[Event "Steinfurt Bezirksliga 1213"]
[Site "Germany"]
[Date "2013.04.13"]
[Round "8.1"]
[White "Terhorst, Timo"]
[Black "Hedwig, Johannes"]
[Result "0-1"]
[WhiteElo "1649"]
[BlackElo "1753"]
[PlyCount "60"]
[EventDate "2012.09.22"]
[EventType "team-tourn"]
[EventRounds "9"]
[EventCountry "GER"]
[SourceTitle "EXT 2015"]
[Source "ChessBase"]
[SourceDate "2014.11.20"]
[SourceVersion "1"]
[SourceVersionDate "2014.11.20"]
[SourceQuality "1"]
[WhiteTeam "Rheine SG"]
[BlackTeam "Emsdetten Rochade II"]
[WhiteTeamCountry "GER"]
[BlackTeamCountry "GER"]

1. Nf3 c5 2. c4 Nc6 3. Nc3 g6 4. g3 Bg7 5. Bg2 e6 6. Ne4 d6 7. d3 f5 8. Bg5 Qc7 9. Nc3 a6 10. Rc1 Nge7 11. 0-0 h6 12. Bxe7 Qxe7 13. e4 0-0 14. exf5 gxf5 15. Nh4 Qe8 16. Bf3 Ne5 17. Bh5 Qd8 18. f4 Nc6 19. Ng6 Rf6 20. g4 fxg4 21. Ne4 Rf5 22. Bxg4 Kh7 23. Bxf5 exf5 24. Ng3 Qf6 25. Rc2 Qxg6 26. Rg2 Qf7 27. Nh5 Bd4+ 28. Kh1 Bd7 29. Qf3 Nd8 30. Qd5 Bc6 0-1

[Event "Steinfurt Bezirksliga 1213"]
[Site "Germany"]
[Date "2012.12.22"]
[Round "4.1"]
[White "Terhorst, Timo"]
[Black "Wetterau, Georg"]
[Result "1-0"]
[WhiteElo "1649"]
[BlackElo "1771"]
[PlyCount "65"]
[EventDate "2012.09.22"]
[EventType "team-tourn"]
[EventRounds "9"]
[EventCountry "GER"]
[SourceTitle "EXT 2015"]
[Source "ChessBase"]
[SourceDate "2014.11.20"]
[SourceVersion "1"]
[SourceVersionDate "2014.11.20"]
[SourceQuality "1"]
[WhiteTeam "Rheine SG"]
[BlackTeam "Nordwalde"]
[WhiteTeamCountry "GER"]
[BlackTeamCountry "GER"]

1. Nf3 d5 2. c4 e6 3. cxd5 exd5 4. d4 Nf6 5. Bg5 Be7 6. Nc3 h6 7. Bh4 c6 8. e3 Ne4 9. Nxe4 Bxh4 10. Nc3 Bf6 11. Be2 0-0 12. 0-0 Bf5 13. Rc1 Nd7 14. Qb3 Qb6 15. Bd1 Rfe8 16. Na4 Qxb3 17. Bxb3 Rac8 18. Bc2 Be6 19. Bd3 b6 20. b4 Be7 21. a3 c5 22. bxc5 bxc5 23. dxc5 Nxc5 24. Nxc5 Bxc5 25. Rc3 Bd7 26. Ba6 Bd6 27. Bxc8 Bxc8 28. Rfc1 Bd7 29. Rd3 Rb8 30. h3 Bb5 31. Rxd5 Bxa3 32. Rb1 a6 33. Nd4 1-0

[Event "Steinfurt Bezirksliga 1112"]
[Site "Germany"]
[Date "2012.03.03"]
[Round "6.1"]
[White "Terhorst, Timo"]
[Black "Hedwig, Johannes"]
[Result "1-0"]
[WhiteElo "1569"]
[BlackElo "1748"]
[PlyCount "41"]
[EventDate "2011.10.01"]
[EventType "team-tourn"]
[EventRounds "9"]
[EventCountry "GER"]
[SourceTitle "EXT 2013"]
[Source "ChessBase"]
[SourceDate "2012.11.22"]
[SourceVersion "1"]
[SourceVersionDate "2012.11.22"]
[SourceQuality "1"]
[WhiteTeam "Rheine SG"]
[BlackTeam "Emsdetten Rochade II"]
[WhiteTeamCountry "GER"]
[BlackTeamCountry "GER"]

1. Nf3 d5 2. d4 Nf6 3. Bf4 e6 4. e3 Bd6 5. Bxd6 Qxd6 6. Nbd2 Nbd7 7. c4 c6 8. Bd3 0-0 9. Qc2 Re8 10. g4 dxc4 11. Nxc4 Qb4+ 12. Ncd2 g6 13. a3 Qa5 14. b4 Qd8 15. h4 e5 16. h5 exd4 17. hxg6 fxg6 18. Bxg6 Re7 19. Bxh7+ Nxh7 20. Qc4+ Rf7 21. Rxh7 1-0

[Event "Steinfurt Bezirksliga 1112"]
[Site "Germany"]
[Date "2011.10.01"]
[Round "1.1"]
[White "Broeker, Sebastian"]
[Black "Terhorst, Timo"]
[Result "0-1"]
[WhiteElo "1438"]
[BlackElo "1569"]
[PlyCount "94"]
[EventDate "2011.10.01"]
[EventType "team-tourn"]
[EventRounds "9"]
[EventCountry "GER"]
[SourceTitle "EXT 2013"]
[Source "ChessBase"]
[SourceDate "2012.11.22"]
[SourceVersion "1"]
[SourceVersionDate "2012.11.22"]
[SourceQuality "1"]
[WhiteTeam "Nordwalde II"]
[BlackTeam "Rheine SG"]
[WhiteTeamCountry "GER"]
[BlackTeamCountry "GER"]

1. d4 f5 2. Nf3 e6 3. Bf4 Nf6 4. e3 b6 5. Nbd2 Bb7 6. Bd3 Be7 7. c3 0-0 8. Qc2 c5 9. h3 cxd4 10. Nxd4 Nc6 11. N4f3 Rc8 12. g4 Nb4 13. Qb1 Nxd3+ 14. Qxd3 Ne4 15. Rg1 Bh4 16. Nxh4 Qxh4 17. Nxe4 Bxe4 18. Qxd7 Qf6 19. Qxa7 e5 20. Bxe5 Qxe5 21. gxf5 Bxf5 22. Rd1 Qf6 23. Rd6 Be6 24. Rg2 Qf7 25. Qxf7+ Kxf7 26. Rxb6 Rc7 27. Rg3 Bxa2 28. Rf3+ Kg8 29. Rxf8+ Kxf8 30. Rb4 Rd7 31. Ke2 Be6 32. h4 Kf7 33. Kf3 h5 34. Rd4 Rb7 35. Rd2 Kf6 36. Kf4 Rb5 37. Kg3 g5 38. b4 g4 39. Rd4 Ke5 40. Kg2 Rd5 41. Kg3 Rb5 42. Kg2 Rb7 43. Kg3 Rc7 44. b5 Rxc3 45. b6 Rb3 46. Ra4 Rxb6 47. Ra5+ Bd5 0-1

[Event "Steinfurt Bezirksklasse 0910"]
[Site "Germany"]
[Date "2010.03.06"]
[Round "5.1"]
[White "Terhorst, Timo"]
[Black "Kumpmann, Ansgar"]
[Result "0-1"]
[WhiteElo "1543"]
[BlackElo "1590"]
[PlyCount "90"]
[EventDate "2009.09.26"]
[EventType "team-tourn"]
[EventRounds "7"]
[EventCountry "GER"]
[SourceTitle "EXT 2011"]
[Source "ChessBase"]
[SourceDate "2010.11.26"]
[SourceVersion "1"]
[SourceVersionDate "2010.11.26"]
[SourceQuality "1"]
[WhiteTeam "Rheine"]
[BlackTeam "Nordwalde II"]
[WhiteTeamCountry "GER"]
[BlackTeamCountry "GER"]

1. e4 c5 2. Nf3 Nc6 3. d4 cxd4 4. Nxd4 d6 5. Nc3 Nf6 6. Bc4 g6 7. 0-0 Bg7 8. f3 0-0 9. Be3 Bd7 10. Qd2 h5 11. Rad1 Ne5 12. Bb3 a6 13. Bh6 Rc8 14. Bxg7 Kxg7 15. f4 Nc6 16. f5 Qb6 17. Kh1 Nxd4 18. Qxd4 Qxd4 19. Rxd4 Rc5 20. fxg6 Kxg6 21. Rf3 Rg5 22. Nd5 Nxd5 23. exd5 Re5 24. h3 Rc8 25. c4 b5 26. Bc2+ Bf5 27. Bxf5+ Rxf5 28. cxb5 Rxf3 29. gxf3 axb5 30. Rd2 Rc5 31. b3 Rc3 32. Kg2 Kf5 33. Kg3 e6 34. dxe6 Kxe6 35. Kf4 Rc5 36. Re2+ Re5 37. Rxe5+ dxe5+ 38. Ke4 b4 39. f4 f5+ 40. Ke3 h4 41. fxe5 Kxe5 42. Kf3 f4 43. Kf2 Ke4 44. Ke2 f3+ 45. Kf2 Kf4 0-1

[Event "Steinfurt Bezirksliga 0708"]
[Site "Germany"]
[Date "2007.09.22"]
[Round "1.2"]
[White "Kornick, Ulrich"]
[Black "Terhorst, Timo"]
[Result "1-0"]
[WhiteElo "1827"]
[BlackElo "1544"]
[PlyCount "55"]
[EventDate "2007.09.22"]
[EventType "team-tourn"]
[EventRounds "9"]
[EventCountry "GER"]
[SourceTitle "EXT 2009"]
[Source "ChessBase"]
[SourceDate "2008.11.26"]
[SourceVersion "1"]
[SourceVersionDate "2008.11.26"]
[SourceQuality "1"]
[WhiteTeam "Rheine Klein Berlin II"]
[BlackTeam "Rheine SG"]
[WhiteTeamCountry "GER"]
[BlackTeamCountry "GER"]

1. e4 e6 2. d4 d5 3. Nd2 Nf6 4. e5 Nfd7 5. Bd3 c5 6. c3 Qb6 7. Ne2 cxd4 8. cxd4 Bb4 9. 0-0 Bxd2 10. Qxd2 Nc6 11. Bc2 0-0 12. b3 f6 13. Ba3 Re8 14. Qd3 g6 15. Qg3 Nxd4 16. Nxd4 Nxe5 17. Nf3 Nxf3+ 18. Qxf3 f5 19. Bb2 d4 20. Rad1 e5 21. Qd5+ Qe6 22. Qxe6+ Bxe6 23. f4 Bd5 24. fxe5 Rxe5 25. Rd2 Rae8 26. Bd3 Bc6 27. Bxd4 Rd5 28. Bc4 1-0

[Event "Steinfurt Bezirksklasse 0607"]
[Site "Germany"]
[Date "2007.01.27"]
[Round "4.2"]
[White "Terhorst, Timo"]
[Black "Roos, Wilfried"]
[Result "1/2-1/2"]
[WhiteElo "1583"]
[BlackElo "1671"]
[PlyCount "68"]
[EventDate "2006.09.30"]
[EventType "team-tourn"]
[EventRounds "7"]
[EventCountry "GER"]
[SourceTitle "EXT 2008"]
[Source "ChessBase"]
[SourceDate "2007.11.25"]
[SourceVersion "1"]
[SourceVersionDate "2007.11.25"]
[SourceQuality "1"]
[WhiteTeam "Rheine SG"]
[BlackTeam "Saerbeck III"]
[WhiteTeamCountry "GER"]
[BlackTeamCountry "GER"]

1. e4 c5 2. Nf3 d6 3. d4 cxd4 4. Nxd4 Nf6 5. Nc3 g6 6. Be3 Bg7 7. f3 0-0 8. Bc4 Nc6 9. Qd2 Bd7 10. 0-0-0 Na5 11. Be2 Rc8 12. g4 Nc4 13. Bxc4 Rxc4 14. h4 b5 15. Ndxb5 Bxb5 16. Nxb5 Qb8 17. Qa5 Nd7 18. c3 Rfc8 19. Bd4 Ne5 20. Rhf1 Nc6 21. Bxa7 Nxa5 22. Bxb8 Rxb8 23. Na3 Rc7 24. Rd5 Nc4 25. Nxc4 Rxc4 26. Kc2 Ra8 27. Ra1 Kf8 28. Rd3 Be5 29. b3 Rc6 30. Kb2 Rac8 31. Rc1 Ke8 32. b4 e6 33. a4 d5 34. exd5 exd5 1/2-1/2

[Event "Steinfurt Bezirksklasse 0607"]
[Site "Germany"]
[Date "2006.11.25"]
[Round "3.2"]
[White "Wehner, Siegfried"]
[Black "Terhorst, Timo"]
[Result "1/2-1/2"]
[WhiteElo "1552"]
[BlackElo "1583"]
[PlyCount "63"]
[EventDate "2006.09.30"]
[EventType "team-tourn"]
[EventRounds "7"]
[EventCountry "GER"]
[SourceTitle "EXT 2008"]
[Source "ChessBase"]
[SourceDate "2007.11.25"]
[SourceVersion "1"]
[SourceVersionDate "2007.11.25"]
[SourceQuality "1"]
[WhiteTeam "Reckenfeld II"]
[BlackTeam "Rheine SG"]
[WhiteTeamCountry "GER"]
[BlackTeamCountry "GER"]

1. Nf3 d5 2. g3 c5 3. d3 Nc6 4. c3 Bf5 5. Bg2 Nf6 6. 0-0 e6 7. Bg5 Be7 8. Nbd2 Qc7 9. Re1 Rd8 10. Qa4 0-0 11. e4 Bg6 12. e5 Nd7 13. Bxe7 Nxe7 14. d4 c4 15. Nh4 a6 16. Nxg6 Nxg6 17. Qc2 b5 18. f4 f5 19. exf6 Rxf6 20. Bh3 Re8 21. f5 Ngf8 22. fxe6 Nxe6 23. Bxe6+ Rfxe6 24. Rxe6 Rxe6 25. Qf5 Qd6 26. Rf1 Nf6 27. Nf3 h6 28. Ne5 Qe7 29. Ng6 Qe8 30. Ne5 Nd7 31. Re1 Nxe5 32. Rxe5 1/2-1/2

[Event "Steinfurt Bezirksklasse 0304"]
[Site "Germany"]
[Date "2004.04.24"]
[Round "9.2"]
[White "Stroot, Helmut"]
[Black "Terhorst, Timo"]
[Result "1/2-1/2"]
[WhiteElo "1407"]
[BlackElo "1542"]
[PlyCount "51"]
[EventDate "2003.09.27"]
[EventType "team-tourn"]
[EventRounds "11"]
[EventCountry "GER"]
[SourceTitle "EXT 2005"]
[Source "ChessBase"]
[SourceDate "2004.11.15"]
[SourceVersion "1"]
[SourceVersionDate "2004.11.15"]
[SourceQuality "1"]
[WhiteTeam "Rheine CC"]
[BlackTeam "Rheine SG II"]
[WhiteTeamCountry "GER"]
[BlackTeamCountry "GER"]

1. d4 Nf6 2. Nf3 e6 3. Bf4 c5 4. e3 Nc6 5. Be2 Qa5+ 6. Qd2 Qxd2+ 7. Nbxd2 d5 8. a3 Bd7 9. 0-0 Be7 10. dxc5 Bxc5 11. Nb3 Be7 12. Rfd1 0-0 13. Nbd4 Rac8 14. Rac1 Ne4 15. Bd3 Nxd4 16. exd4 f6 17. Nd2 Nxd2 18. Rxd2 a5 19. h4 b5 20. Re1 b4 21. axb4 Bxb4 22. c3 Be7 23. h5 a4 24. Bf5 exf5 25. Rxe7 Bb5 26. Bd6 1/2-1/2

[Event "Steinfurt Bezirksliga 0304"]
[Site "Germany"]
[Date "2004.03.27"]
[Round "7.7"]
[White "Terhorst, Timo"]
[Black "Goeckeler, Andreas"]
[Result "1-0"]
[WhiteElo "1542"]
[BlackElo "1422"]
[PlyCount "63"]
[EventDate "2003.10.18"]
[EventType "team-tourn"]
[EventRounds "9"]
[EventCountry "GER"]
[SourceTitle "EXT 2005"]
[Source "ChessBase"]
[SourceDate "2004.11.15"]
[SourceVersion "1"]
[SourceVersionDate "2004.11.15"]
[SourceQuality "1"]
[WhiteTeam "Rheine SG"]
[BlackTeam "Neuenkirchen II"]
[WhiteTeamCountry "GER"]
[BlackTeamCountry "GER"]

1. e4 d6 2. d4 Nf6 3. Nc3 g6 4. Bg5 Bg7 5. Be2 Nbd7 6. f4 Nb6 7. Bxf6 exf6 8. Nf3 Qe7 9. 0-0 Bd7 10. Re1 Bh6 11. Nd2 Bxf4 12. Nc4 Nxc4 13. Bxc4 a6 14. Qf3 Bd2 15. Rf1 Bxc3 16. Qxc3 0-0 17. d5 Qxe4 18. Rae1 Qh4 19. Re7 Rad8 20. Qxf6 Qxf6 21. Rxf6 c5 22. Rxd6 Bc8 23. Rxd8 Rxd8 24. d6 Kg7 25. Rxf7+ Kh6 26. Rc7 Bf5 27. Rxb7 Rxd6 28. c3 Be4 29. Rb8 Rd2 30. Bf1 Bd5 31. Rd8 Kg5 32. c4 1-0